[Event "UKR-ch"]
[Site "Sevastopol"]
[Date "2000.??.??"]
[Round "1"]
[White "Karjakin, Sergey"]
[Black "Rakhmangulov, Andrei"]
[Result "0-1"]
[WhiteElo "2206"]
[BlackElo "2435"]
[PlyCount "76"]
[EventDate "2000.??.??"]
[EventType "swiss"]
[EventRounds "9"]
[EventCountry "UKR"]
[SourceTitle "EXT 2001"]
[Source "ChessBase"]
[SourceDate "2000.11.22"]
[SourceVersion "1"]
[SourceVersionDate "2000.11.22"]
[SourceQuality "1"]

1. e4 d6 2. d4 Nf6 3. Nc3 g6 4. f4 Bg7 5. Nf3 O-O 6. Bd3 Na6 7. O-O c5 8. d5
Bg4 9. h3 Bxf3 10. Qxf3 Nb4 11. a3 Nxd3 12. cxd3 Qb6 13. Rf2 Qb3 14. Be3 b5 15.
g4 Nd7 16. Rc1 Rfc8 17. h4 b4 18. Qd1 Qxd1+ 19. Nxd1 bxa3 20. bxa3 Rcb8 21. Ra2
Rb3 22. Nf2 Rab8 23. Rcc2 f5 24. gxf5 gxf5 25. Re2 Kf7 26. Kh2 Bf6 27. h5 Bg7
28. Rad2 Rxa3 29. d4 Rbb3 30. Nd1 c4 31. Bf2 Bh6 32. Rc2 fxe4 33. Rxc4 Nf6 34.
f5 e3 35. Bg3 Rd3 36. Rc1 Rxd4 37. Nc3 Rd2 38. Rg2 Nxd5 0-1

[Event "UKR-ch"]
[Site "Sevastopol"]
[Date "2000.??.??"]
[Round "6"]
[White "Murashko, Vyacheslav L"]
[Black "Karjakin, Sergey"]
[Result "1-0"]
[WhiteElo "2464"]
[BlackElo "2206"]
[PlyCount "109"]
[EventDate "2000.??.??"]
[EventType "swiss"]
[EventRounds "9"]
[EventCountry "UKR"]
[SourceTitle "EXT 2001"]
[Source "ChessBase"]
[SourceDate "2000.11.22"]
[SourceVersion "1"]
[SourceVersionDate "2000.11.22"]
[SourceQuality "1"]

1. c4 Nf6 2. Nc3 d5 3. cxd5 Nxd5 4. g3 g6 5. Bg2 Nxc3 6. bxc3 Bg7 7. Rb1 Nd7 8.
Nf3 O-O 9. O-O c5 10. c4 Nb6 11. Qc2 Bd7 12. Bb2 Ba4 13. Qc1 Bxb2 14. Rxb2 Bc6
15. d3 Nd7 16. Qh6 f6 17. Rfb1 e5 18. Rxb7 Bxb7 19. Rxb7 Rb8 20. Rxa7 Rb1+ 21.
Bf1 Rf7 22. Nd2 Qb8 23. Nxb1 Qxa7 24. Nc3 Qa5 25. Qc1 Kg7 26. Bh3 Nb6 27. Ne4
Na4 28. Be6 Re7 29. Bd5 Nb6 30. Qe3 Nxd5 31. cxd5 Qxa2 32. Qxc5 Rb7 33. Qc6
Qb1+ 34. Kg2 Qb6 35. Nxf6 Qxc6 36. dxc6 Rb6 37. c7 Rc6 38. Nd5 Kf7 39. e4 Ke6
40. h4 h5 41. f4 exf4 42. gxf4 Rc1 43. Kf3 Kd6 44. Ke3 Ke6 45. Kd4 Kd6 46. e5+
Ke6 47. Nc3 Kd7 48. Nb5 Rc2 49. Kd5 Ke7 50. d4 Kd7 51. Ke4 Rb2 52. e6+ Kc8 53.
e7 Re2+ 54. Kd5 Rxe7 55. Kc6 1-0

[Event "UKR-ch"]
[Site "Sevastopol"]
[Date "2000.??.??"]
[Round "9"]
[White "Karjakin, Sergey"]
[Black "Zozulia, Anna"]
[Result "0-1"]
[WhiteElo "2206"]
[BlackElo "2360"]
[PlyCount "100"]
[EventDate "2000.??.??"]
[EventType "swiss"]
[EventRounds "9"]
[EventCountry "UKR"]
[SourceTitle "EXT 2001"]
[Source "ChessBase"]
[SourceDate "2000.11.22"]
[SourceVersion "1"]
[SourceVersionDate "2000.11.22"]
[SourceQuality "1"]

1. e4 c5 2. Nf3 e6 3. c3 Nf6 4. e5 Nd5 5. d4 cxd4 6. cxd4 d6 7. Nc3 Nxc3 8.
bxc3 Qc7 9. Bd2 Nd7 10. exd6 Bxd6 11. Bd3 Bf4 12. O-O Bxd2 13. Qxd2 O-O 14.
Rfe1 b6 15. Ne5 Nxe5 16. Rxe5 Bb7 17. f4 Rac8 18. Rc1 Rfd8 19. Qf2 Rd5 20. h4
Qd7 21. Rc2 b5 22. h5 h6 23. Rxd5 Qxd5 24. f5 exf5 25. Re2 g6 26. Re5 Qd6 27.
Qd2 b4 28. Qxh6 bxc3 29. hxg6 Qxg6 30. Qh3 c2 31. Bxc2 Bxg2 32. Qxg2 Rxc2 33.
Re8+ Kg7 34. Qxg6+ fxg6 35. Re7+ Kf6 36. Rxa7 Rd2 37. Ra4 f4 38. Kf1 g5 39. Ke1
Rb2 40. d5 Ke5 41. Ra5 g4 42. d6+ Kxd6 43. Rf5 Rb4 44. a3 Rc4 45. Rg5 g3 46.
Ke2 Rc3 47. Rf5 Re3+ 48. Kf1 f3 49. Rg5 f2 50. Kg2 Re1 0-1

[Event "UKR-ch U12"]
[Site "Simferopol"]
[Date "2000.??.??"]
[Round "?"]
[White "Ajrapetjan, Yuriy"]
[Black "Karjakin, Sergey"]
[Result "0-1"]
[WhiteElo "2192"]
[BlackElo "2206"]
[PlyCount "104"]
[EventDate "2000.??.??"]
[EventType "tourn"]
[EventRounds "11"]
[EventCountry "UKR"]
[SourceTitle "EXT 2002"]
[Source "ChessBase"]
[SourceDate "2001.11.25"]
[SourceVersion "1"]
[SourceVersionDate "2001.11.25"]
[SourceQuality "1"]

1. Nf3 d5 2. g3 c5 3. Bg2 Nc6 4. O-O g6 5. d4 cxd4 6. Nxd4 Bg7 7. Nxc6 bxc6 8.
c4 e6 9. Nc3 Ne7 10. cxd5 cxd5 11. Bg5 h6 12. Bxe7 Qxe7 13. Qc2 O-O 14. Rfd1
Rb8 15. e3 Qb4 16. Rab1 Ba6 17. a3 Qb3 18. Qd2 Rfc8 19. Qe1 Rb6 20. h3 Bxc3 21.
bxc3 Qxc3 22. Rxb6 axb6 23. Qxc3 Rxc3 24. Rb1 Rc6 25. a4 Kf8 26. f4 Ke7 27. g4
f5 28. Kf2 Kd6 29. Kg3 Kc7 30. gxf5 gxf5 31. Kh4 Be2 32. Rb2 Bd1 33. Rb1 Bxa4
34. Kh5 Rc2 35. Bf1 Rc3 36. Re1 b5 37. Kxh6 b4 38. h4 b3 39. h5 b2 40. Rb1 Rc1
41. Bd3 Bc2 42. Rxb2 Bxd3 43. Rh2 Rg1 44. Kh7 e5 45. h6 d4 46. exd4 e4 47. Rh3
Kd6 48. Kh8 Kd5 49. h7 Kxd4 50. Rh5 e3 51. Rg5 Rxg5 52. fxg5 f4 0-1

[Event "UKR-ch U12"]
[Site "Simferopol"]
[Date "2000.??.??"]
[Round "?"]
[White "Karjakin, Sergey"]
[Black "Tukhaev, Adam"]
[Result "1/2-1/2"]
[WhiteElo "2206"]
[BlackElo "2303"]
[PlyCount "68"]
[EventDate "2000.??.??"]
[EventType "tourn"]
[EventRounds "11"]
[EventCountry "UKR"]
[SourceTitle "EXT 2002"]
[Source "ChessBase"]
[SourceDate "2001.11.25"]
[SourceVersion "1"]
[SourceVersionDate "2001.11.25"]
[SourceQuality "1"]

1. e4 e5 2. Nf3 Nc6 3. d4 exd4 4. Nxd4 Nf6 5. Nxc6 bxc6 6. e5 Qe7 7. Qe2 Nd5 8.
c4 Nb6 9. b3 d6 10. exd6 Qxe2+ 11. Bxe2 Bxd6 12. Bb2 O-O 13. O-O Bd7 14. Nc3 f5
15. Rad1 Rfe8 16. Bf3 a5 17. Bc1 Rab8 18. Be3 c5 19. Nb5 Bxb5 20. cxb5 f4 21.
Bc1 a4 22. Bc6 Re2 23. Rd2 Rxd2 24. Bxd2 axb3 25. axb3 Nc8 26. Re1 Na7 27. Bd5+
Kf8 28. Re4 Nxb5 29. Bxf4 Nd4 30. Bxd6+ cxd6 31. Rf4+ Ke8 32. Bc6+ Ke7 33. Re4+
Kf6 34. Rf4+ Ke6 1/2-1/2

[Event "UKR-ch U12"]
[Site "Simferopol"]
[Date "2000.??.??"]
[Round "?"]
[White "Tishin, Dmitry"]
[Black "Karjakin, Sergey"]
[Result "0-1"]
[WhiteElo "2397"]
[BlackElo "2206"]
[PlyCount "100"]
[EventDate "2000.??.??"]
[EventType "tourn"]
[EventRounds "11"]
[EventCountry "UKR"]
[SourceTitle "EXT 2002"]
[Source "ChessBase"]
[SourceDate "2001.11.25"]
[SourceVersion "1"]
[SourceVersionDate "2001.11.25"]
[SourceQuality "1"]

1. d4 Nf6 2. Nf3 d5 3. Bf4 c5 4. e3 Nc6 5. c3 Qb6 6. Qb3 c4 7. Qc2 Bf5 8. Qc1
h6 9. h3 e6 10. Nbd2 Qd8 11. Be2 Bd6 12. Bxd6 Qxd6 13. Bd1 b5 14. Bc2 O-O 15.
O-O b4 16. Re1 Be4 17. Nxe4 dxe4 18. Nd2 Qd5 19. Bb1 bxc3 20. bxc3 Rab8 21. Qc2
Kh8 22. Qa4 Na5 23. Bc2 Qb5 24. Qxb5 Rxb5 25. Rab1 Rfb8 26. Rxb5 Rxb5 27. Rb1
Rxb1+ 28. Nxb1 Nb7 29. Kf1 Kg8 30. Ke2 Kf8 31. f3 Nd6 32. fxe4 Nfxe4 33. Bxe4
Nxe4 34. Kf3 f5 35. Kf4 Ke7 36. Ke5 Nf6 37. Kf4 g5+ 38. Kf3 Ne4 39. g3 h5 40.
Kg2 g4 41. h4 Kd6 42. Kh2 Kd5 43. Kg2 a6 44. Kh2 Nd6 45. Nd2 Nb5 46. Nb1 Ke4
47. a4 Nd6 48. Kg2 Kxe3 49. Na3 Kd3 50. Nb1 Kc2 0-1

[Event "UKR-chT 8th"]
[Site "Alushta"]
[Date "2000.04.10"]
[Round "1"]
[White "Kuzmin, Gennadi P"]
[Black "Karjakin, Sergey"]
[Result "1-0"]
[WhiteElo "2466"]
[BlackElo "2206"]
[PlyCount "78"]
[EventDate "2000.04.10"]
[EventType "team-swiss"]
[EventRounds "9"]
[EventCountry "UKR"]
[SourceTitle "EXT 2019"]
[Source "ChessBase"]
[SourceDate "2018.10.10"]
[SourceVersion "1"]
[SourceVersionDate "2018.10.10"]
[SourceQuality "1"]
[WhiteTeam "Danko-Donbass Donetsk"]
[BlackTeam "Kiev Mriya Grandmaster School"]
[WhiteTeamCountry "UKR"]
[BlackTeamCountry "UKR"]

1. e4 c5 2. Ne2 d6 3. g3 g6 4. Bg2 Bg7 5. O-O e6 6. c3 Ne7 7. d4 cxd4 8. cxd4
O-O 9. Nbc3 Nbc6 10. d5 exd5 11. exd5 Ne5 12. h3 Nf5 13. b3 b6 14. Bb2 Ba6 15.
Be4 Ne7 16. Nd4 Bxf1 17. Qxf1 Rc8 18. Rd1 Re8 19. Bg2 Rc5 20. f4 Nd7 21. b4 Rc7
22. Nc6 Nxc6 23. dxc6 Nf6 24. Qf2 d5 25. Nxd5 Nxd5 26. Rxd5 Qe7 27. Bxg7 Kxg7
28. b5 Rd8 29. Re5 Qd6 30. Rd5 Qf6 31. Re5 Rd1+ 32. Kh2 Rd3 33. f5 Qd6 34. Re2
h5 35. f6+ Kg8 36. h4 Kh7 37. Qf4 Qxf4 38. gxf4 Rc8 39. Bh3 Rc7 1-0

[Event "UKR-chT 8th"]
[Site "Alushta"]
[Date "2000.04.11"]
[Round "2"]
[White "Khomenko, Nikolay Timofeevich"]
[Black "Karjakin, Sergey"]
[Result "0-1"]
[WhiteElo "2080"]
[BlackElo "2206"]
[PlyCount "90"]
[EventDate "2000.04.10"]
[EventType "team-swiss"]
[EventRounds "9"]
[EventCountry "UKR"]
[SourceTitle "EXT 2019"]
[Source "ChessBase"]
[SourceDate "2018.10.10"]
[SourceVersion "1"]
[SourceVersionDate "2018.10.10"]
[SourceQuality "1"]
[WhiteTeam "Rivne Polissia"]
[BlackTeam "Kiev Mriya Grandmaster School"]
[WhiteTeamCountry "UKR"]
[BlackTeamCountry "UKR"]

1. e4 c5 2. Nf3 d6 3. d4 cxd4 4. Nxd4 Nf6 5. Nc3 a6 6. Bc4 e6 7. Qe2 b5 8. Bb3
Be7 9. Be3 O-O 10. O-O-O Bd7 11. f3 b4 12. Nb1 Qc7 13. Qc4 Qb7 14. g4 d5 15.
exd5 Nxd5 16. Qe2 Nxe3 17. Qxe3 Nc6 18. Nxc6 Bxc6 19. Nd2 a5 20. Bc4 Rac8 21.
Rhf1 Bb5 22. Bxb5 Qxb5 23. f4 Rc7 24. Kb1 Rfc8 25. Rc1 a4 26. Rf3 b3 27. axb3
Ra8 28. Qe5 Qa6 29. b4 Rd7 30. b5 Qb7 31. Rd3 Rad8 32. Rxd7 Rxd7 33. Qe2 Rd4
34. f5 Bg5 35. Nf3 Re4 36. Qd1 Be7 37. Qd3 Rb4 38. Rd1 Rxb5 39. b3 axb3 40. c4
Qa8 41. Rd2 Ra5 42. Qxb3 Ra3 43. Qb6 Rxf3 44. c5 Qe4+ 45. Kb2 Bf6+ 0-1

[Event "UKR-chT 8th"]
[Site "Alushta"]
[Date "2000.04.12"]
[Round "3"]
[White "Karjakin, Sergey"]
[Black "Tamilin, Alexander"]
[Result "1-0"]
[WhiteElo "2206"]
[BlackElo "2200"]
[PlyCount "79"]
[EventDate "2000.04.10"]
[EventType "team-swiss"]
[EventRounds "9"]
[EventCountry "UKR"]
[SourceTitle "EXT 2019"]
[Source "ChessBase"]
[SourceDate "2018.10.10"]
[SourceVersion "1"]
[SourceVersionDate "2018.10.10"]
[SourceQuality "1"]
[WhiteTeam "Kiev Mriya Grandmaster School"]
[BlackTeam "Sumy Khimik-Lokomotiv"]
[WhiteTeamCountry "UKR"]
[BlackTeamCountry "UKR"]

1. e4 d5 2. exd5 Qxd5 3. Nc3 Qa5 4. d4 Nf6 5. Nf3 c6 6. Bc4 Bf5 7. Ne5 e6 8. g4
Bg6 9. h4 Nbd7 10. Nxd7 Nxd7 11. h5 Be4 12. O-O Bd5 13. Nxd5 cxd5 14. Bd3 Bd6
15. Qf3 Qd8 16. Kg2 Qf6 17. Qxf6 Nxf6 18. f3 O-O 19. Bd2 a6 20. a4 h6 21. Rh1
Rfe8 22. Rae1 Rac8 23. Re2 Rc7 24. Kh3 Rec8 25. c3 Nh7 26. f4 Nf8 27. g5 f5 28.
gxf6 gxf6 29. Rg1+ Rg7 30. Reg2 Rcc7 31. f5 Rxg2 32. Rxg2+ Kh8 33. fxe6 Nxe6
34. Kg4 Ng5 35. Re2 Kg7 36. Kf5 Kf7 37. Bc2 Rd7 38. Bb3 Bf8 39. Bf4 Ne4 40.
Rxe4 1-0

[Event "UKR-chT 8th"]
[Site "Alushta"]
[Date "2000.04.13"]
[Round "4"]
[White "Zdebskaja, Natalia"]
[Black "Karjakin, Sergey"]
[Result "1-0"]
[WhiteElo "2086"]
[BlackElo "2206"]
[PlyCount "75"]
[EventDate "2000.04.10"]
[EventType "team-swiss"]
[EventRounds "9"]
[EventCountry "UKR"]
[SourceTitle "EXT 2019"]
[Source "ChessBase"]
[SourceDate "2018.10.10"]
[SourceVersion "1"]
[SourceVersionDate "2018.10.10"]
[SourceQuality "1"]
[WhiteTeam "Donetsk region Momot (W)"]
[BlackTeam "Kiev Mriya Grandmaster School"]
[WhiteTeamCountry "UKR"]
[BlackTeamCountry "UKR"]

1. e4 Nf6 2. e5 Nd5 3. d4 d6 4. c4 Nb6 5. exd6 cxd6 6. Nc3 g6 7. Be3 Bg7 8. Rc1
O-O 9. b3 Nc6 10. d5 Ne5 11. Be2 Re8 12. f4 Ned7 13. Nf3 a5 14. O-O Nc5 15. Bd4
Bg4 16. h3 Bxf3 17. Bxf3 Bxd4+ 18. Qxd4 Nbd7 19. Rce1 Qb6 20. Nb5 Na6 21. Qxb6
Nxb6 22. c5 Nc8 23. c6 Rb8 24. c7 Ra8 25. f5 f6 26. Bg4 Nb6 27. fxg6 hxg6 28.
c8=Q Rexc8 29. Rxe7 f5 30. Bf3 Rd8 31. Re6 Kg7 32. Nxd6 Nc8 33. Nxb7 Rd7 34. d6
Ra7 35. Bc6 Nb8 36. Bxd7 Nxd7 37. Rc1 Nxd6 38. Rc7 1-0

[Event "UKR-chT 8th"]
[Site "Alushta"]
[Date "2000.04.17"]
[Round "8"]
[White "Karjakin, Sergey"]
[Black "Gaynutdinov, Kostislav"]
[Result "0-1"]
[WhiteElo "2206"]
[BlackElo "2362"]
[PlyCount "122"]
[EventDate "2000.04.10"]
[EventType "team-swiss"]
[EventRounds "9"]
[EventCountry "UKR"]
[SourceTitle "EXT 2019"]
[Source "ChessBase"]
[SourceDate "2018.10.10"]
[SourceVersion "1"]
[SourceVersionDate "2018.10.10"]
[SourceQuality "1"]
[WhiteTeam "Kiev Mriya Grandmaster School"]
[BlackTeam "Mariupol Azovstal"]
[WhiteTeamCountry "UKR"]
[BlackTeamCountry "UKR"]

1. e4 c5 2. Nf3 Nc6 3. d4 cxd4 4. Nxd4 Qb6 5. Nb3 Nf6 6. Nc3 e6 7. Be3 Qc7 8.
a3 a6 9. Be2 b5 10. O-O d6 11. f4 Be7 12. Bf3 Bb7 13. Qe1 h5 14. Qe2 Rc8 15. f5
e5 16. Rad1 Nb8 17. Rd2 Nbd7 18. Bf2 Nb6 19. Na5 Nc4 20. Nxc4 Qxc4 21. Re1 Qxe2
22. Rexe2 Rc4 23. Bh4 Nd7 24. Bxe7 Kxe7 25. Re3 Nf6 26. Red3 Rd8 27. Re2 Bc6
28. Kf2 a5 29. b3 Rc5 30. Nd1 Bb7 31. c3 Rdc8 32. Ke3 a4 33. bxa4 bxa4 34. Rb2
Ba6 35. Rdd2 Bc4 36. Rb4 Bb3 37. Rd3 Bc2 38. Rd2 Bxd1 39. Rxd1 Rxc3+ 40. Rd3
R3c4 41. Rb7+ R8c7 42. Rb6 R4c6 43. Rb4 Ra7 44. Bd1 Rc5 45. Kd2 Rca5 46. Rg3 d5
47. exd5 Nxd5 48. Rh4 Nf4 49. Bxh5 Rd7+ 50. Ke3 Rc5 51. Kf3 Kf6 52. Bg4 Rd3+
53. Kf2 Rc2+ 54. Kg1 Rxg3 55. hxg3 Rxg2+ 56. Kf1 Rxg3 57. Kf2 Rxa3 58. Rh8 Kg5
59. Bf3 Kxf5 60. Ra8 Nd3+ 61. Ke2 e4 0-1

[Event "UKR-chT 8th"]
[Site "Alushta"]
[Date "2000.04.18"]
[Round "9"]
[White "Sinzhuk, Pavel"]
[Black "Karjakin, Sergey"]
[Result "0-1"]
[WhiteElo "2199"]
[BlackElo "2206"]
[PlyCount "42"]
[EventDate "2000.04.10"]
[EventType "team-swiss"]
[EventRounds "9"]
[EventCountry "UKR"]
[SourceTitle "EXT 2019"]
[Source "ChessBase"]
[SourceDate "2018.10.10"]
[SourceVersion "1"]
[SourceVersionDate "2018.10.10"]
[SourceQuality "1"]
[WhiteTeam "Kherson Chess For All"]
[BlackTeam "Kiev Mriya Grandmaster School"]
[WhiteTeamCountry "UKR"]
[BlackTeamCountry "UKR"]

1. d4 Nf6 2. c4 g6 3. Nc3 d5 4. cxd5 Nxd5 5. e4 Nxc3 6. bxc3 Bg7 7. Nf3 c5 8.
Rb1 O-O 9. Be2 Qa5 10. Bd2 Qxa2 11. O-O Qe6 12. Qc2 b6 13. d5 Qd6 14. c4 e5 15.
dxe6 Bxe6 16. e5 Qc7 17. Bf4 Nc6 18. Rbd1 Rad8 19. Rd6 Nxe5 20. Nxe5 Rxd6 21.
Bd3 Rd4 0-1

[Event "Artek ol U16"]
[Site "Artek"]
[Date "2000.09.12"]
[Round "2"]
[White "Moradiabadi, Elshan"]
[Black "Karjakin, Sergey"]
[Result "1-0"]
[WhiteElo "2256"]
[BlackElo "2250"]
[PlyCount "99"]
[EventDate "2000.09.??"]
[EventType "team"]
[EventRounds "9"]
[EventCountry "UKR"]
[SourceTitle "CBM 078 Extra"]
[Source "ChessBase"]
[SourceDate "2000.11.10"]
[SourceVersion "1"]
[SourceVersionDate "2000.11.10"]
[SourceQuality "1"]

1. d4 Nf6 2. Nf3 g6 3. Bg5 Bg7 4. Nbd2 c5 5. e3 d5 6. Bd3 Nc6 7. c3 Bf5 8. Bxf5
gxf5 9. h3 Qb6 10. Bxf6 Bxf6 11. Qc2 e6 12. g4 cxd4 13. exd4 Ne7 14. O-O-O h6
15. Rde1 O-O-O 16. Nf1 Qc7 17. Qd2 Rdg8 18. N1h2 Rg6 19. Kb1 Rhg8 20. Re2 fxg4
21. Nxg4 Nf5 22. Rc1 Kb8 23. Qd3 Nd6 24. Nxf6 Rxf6 25. Ne5 Nc4 26. Qh7 Rc8 27.
Ng4 Rf3 28. Qxh6 Qf4 29. Qxf4+ Rxf4 30. Rg1 Rh8 31. Rg3 Nd6 32. Kc2 Ne4 33.
Rge3 Ng5 34. Ne5 Rxh3 35. Rg3 Rxg3 36. fxg3 Rf1 37. Rh2 Rg1 38. g4 Rf1 39. Rh5
Ne4 40. Rh8+ Kc7 41. Rh7 Nd6 42. g5 Kb6 43. Kb3 Rf2 44. Rg7 Rg2 45. a4 a6 46.
Ka3 Rf2 47. g6 f6 48. Rf7 Ne4 49. a5+ Kxa5 50. Rxb7 1-0

[Event "Artek ol U16"]
[Site "Artek"]
[Date "2000.09.13"]
[Round "3"]
[White "Petuchovskis, Edgaras"]
[Black "Karjakin, Sergey"]
[Result "1-0"]
[WhiteElo "2142"]
[BlackElo "2250"]
[PlyCount "55"]
[EventDate "2000.09.??"]
[EventType "team"]
[EventRounds "9"]
[EventCountry "UKR"]
[SourceTitle "CBM 078 Extra"]
[Source "ChessBase"]
[SourceDate "2000.11.10"]
[SourceVersion "1"]
[SourceVersionDate "2000.11.10"]
[SourceQuality "1"]

1. Nf3 d5 2. g3 c5 3. Bg2 Nc6 4. O-O g6 5. d3 Bg7 6. Nbd2 e6 7. e4 Nge7 8. Re1
h6 9. exd5 exd5 10. d4 cxd4 11. Nb3 Bg4 12. h3 Bxf3 13. Qxf3 O-O 14. Bf4 g5 15.
Bd2 Qd6 16. h4 gxh4 17. gxh4 Be5 18. Nc1 Kh7 19. Nd3 Rg8 20. Kh1 Rg7 21. Bh3
Rag8 22. Qh5 Bh2 23. Be6 Kh8 24. Bxf7 Ne5 25. Nxe5 Bxe5 26. Bxg8 Qd7 27. Be6
Qxe6 28. Qxh6+ 1-0

[Event "Artek ol U16"]
[Site "Artek"]
[Date "2000.09.14"]
[Round "4"]
[White "Karjakin, Sergey"]
[Black "Heberla, Bartlomiej"]
[Result "1-0"]
[WhiteElo "2250"]
[BlackElo "2330"]
[PlyCount "93"]
[EventDate "2000.09.??"]
[EventType "team"]
[EventRounds "9"]
[EventCountry "UKR"]
[SourceTitle "CBM 078 Extra"]
[Source "ChessBase"]
[SourceDate "2000.11.10"]
[SourceVersion "1"]
[SourceVersionDate "2000.11.10"]
[SourceQuality "1"]

1. e4 Nc6 2. Nf3 d6 3. d4 Nf6 4. Nc3 Bg4 5. Be3 e6 6. h3 Bh5 7. Qd2 Be7 8.
O-O-O O-O 9. g4 Bg6 10. Bd3 d5 11. e5 Ne4 12. Bxe4 Bxe4 13. Qe2 f5 14. exf6
Bxf3 15. Qxf3 Bxf6 16. Qe2 Na5 17. Bf4 Re8 18. h4 c5 19. Nb5 Qb6 20. Nc7 cxd4
21. Nxa8 Rxa8 22. Rd3 Nc4 23. Rb3 Qa6 24. a3 e5 25. g5 exf4 26. gxf6 Qxf6 27.
Rxb7 Rc8 28. Rg1 g6 29. Qh5 Ne5 30. Qxh7+ Kf8 31. Qh6+ Kg8 32. h5 d3 33. hxg6
d2+ 34. Kd1 Qh8 35. Qxh8+ Kxh8 36. Rh1+ Kg8 37. g7 Nf7 38. Rxa7 Kxg7 39. Kxd2
Kf6 40. Ra4 Nd6 41. Rxf4+ Ke5 42. Rg4 Ne4+ 43. Kc1 Nxf2 44. Rh5+ Kd6 45. Rd4
Rc5 46. b4 Rb5 47. c4 1-0

[Event "Artek ol U16"]
[Site "Artek"]
[Date "2000.09.17"]
[Round "6"]
[White "Lupulescu, Constantin"]
[Black "Karjakin, Sergey"]
[Result "1-0"]
[WhiteElo "2389"]
[BlackElo "2250"]
[PlyCount "117"]
[EventDate "2000.09.??"]
[EventType "team"]
[EventRounds "9"]
[EventCountry "UKR"]
[SourceTitle "CBM 078 Extra"]
[Source "ChessBase"]
[SourceDate "2000.11.10"]
[SourceVersion "1"]
[SourceVersionDate "2000.11.10"]
[SourceQuality "1"]

1. e4 c5 2. Nf3 d6 3. Bb5+ Nd7 4. d4 Ngf6 5. Nc3 a6 6. Bxd7+ Nxd7 7. O-O e6 8.
Bg5 Qc7 9. a4 cxd4 10. Qxd4 Ne5 11. Nxe5 dxe5 12. Qd3 f6 13. Be3 Bb4 14. Nb5
Qe7 15. c3 axb5 16. Qxb5+ Bd7 17. Qxb7 Kf7 18. Qxb4 Qxb4 19. cxb4 Rxa4 20. Rxa4
Bxa4 21. f3 Rb8 22. Bd2 Bb5 23. Ra1 Rb7 24. Kf2 Bc4 25. Rc1 Bb5 26. Be3 Rd7 27.
Rc5 Rb7 28. Rc8 Ba6 29. Bc5 g5 30. Rf8+ Kg7 31. Rd8 Kf7 32. g3 Bc4 33. h4 gxh4
34. gxh4 Bb5 35. Rf8+ Kg7 36. h5 h6 37. Rd8 Bd7 38. Ke3 Bb5 39. Bf8+ Kh7 40.
Rd6 Bc4 41. Rc6 Bb3 42. Kd3 Rd7+ 43. Bd6 Rb7 44. Rc7+ Rxc7 45. Bxc7 Ba4 46. Kc4
Bd1 47. b5 Bxf3 48. Kd3 f5 49. exf5 exf5 50. b6 Kg7 51. Bxe5+ Kf7 52. Bf4 Ke6
53. Ke3 Bd5 54. Bxh6 Kd6 55. Bf4+ Kc6 56. h6 Bg8 57. Bc7 Bh7 58. Kf4 Kb7 59.
Kg5 1-0

[Event "Artek ol U16"]
[Site "Artek"]
[Date "2000.09.18"]
[Round "7"]
[White "Karjakin, Sergey"]
[Black "Utnasunov, Alexander"]
[Result "1-0"]
[WhiteElo "2250"]
[BlackElo "2257"]
[PlyCount "71"]
[EventDate "2000.09.??"]
[EventType "team"]
[EventRounds "9"]
[EventCountry "UKR"]
[SourceTitle "CBM 078 Extra"]
[Source "ChessBase"]
[SourceDate "2000.11.10"]
[SourceVersion "1"]
[SourceVersionDate "2000.11.10"]
[SourceQuality "1"]

1. e4 c5 2. Nf3 d6 3. d4 Nf6 4. Nc3 cxd4 5. Nxd4 g6 6. Be3 Bg7 7. f3 O-O 8. Qd2
Nc6 9. Bc4 Bd7 10. O-O-O Ne5 11. Bb3 Qa5 12. Kb1 Rfc8 13. h4 Nc4 14. Bxc4 Rxc4
15. Nb3 Qd8 16. Bh6 Bh8 17. h5 Rac8 18. hxg6 fxg6 19. e5 dxe5 20. Bg5 R8c7 21.
Bxf6 Bxf6 22. Qh6 Qe8 23. Nd5 R7c6 24. Na5 Bg7 25. Qxh7+ Kf7 26. Nxc4 Rxc4 27.
Ne3 Rb4 28. Rh6 Rb6 29. Nc4 Bf5 30. Nxb6 Qc6 31. Rc1 Qxb6 32. g4 e4 33. c3 Bd7
34. fxe4 Bb5 35. Rh3 Be2 36. Qh4 1-0

[Event "Artek ol U16"]
[Site "Artek"]
[Date "2000.09.20"]
[Round "9"]
[White "Soltanici, Ruslan"]
[Black "Karjakin, Sergey"]
[Result "1/2-1/2"]
[WhiteElo "2193"]
[BlackElo "2250"]
[PlyCount "69"]
[EventDate "2000.09.??"]
[EventType "team"]
[EventRounds "9"]
[EventCountry "UKR"]
[SourceTitle "CBM 078 Extra"]
[Source "ChessBase"]
[SourceDate "2000.11.10"]
[SourceVersion "1"]
[SourceVersionDate "2000.11.10"]
[SourceQuality "1"]

1. e4 d6 2. d4 Nf6 3. Nc3 g6 4. f4 Bg7 5. Nf3 O-O 6. Bd3 Na6 7. O-O c5 8. d5
Bg4 9. Bc4 Nc7 10. a4 e6 11. h3 exd5 12. exd5 Bd7 13. Ng5 h6 14. Nge4 Nxe4 15.
Nxe4 Bc8 16. c3 f5 17. Nf2 b6 18. Qd3 a6 19. Nd1 Bd7 20. Qf3 b5 21. Bd3 bxa4
22. Ne3 Bb5 23. Nc4 Rb8 24. Na5 Qf6 25. Rd1 Rfe8 26. Nc6 Bxc6 27. dxc6 d5 28.
Bc2 Re6 29. Bxa4 Rbe8 30. Bd2 Re2 31. Kf1 Qh4 32. Be1 Qe7 33. Bd2 Qh4 34. Be1
Qe7 35. Bd2 1/2-1/2

[Event "Wch U10"]
[Site "Oropesa del Mar"]
[Date "2000.10.22"]
[Round "10"]
[White "Berczes, David"]
[Black "Karjakin, Sergey"]
[Result "0-1"]
[WhiteElo "2054"]
[BlackElo "2250"]
[PlyCount "60"]
[EventDate "2000.10.11"]
[EventType "swiss"]
[EventRounds "11"]
[EventCountry "ESP"]
[SourceTitle "EXT 2001"]
[Source "ChessBase"]
[SourceDate "2000.11.22"]
[SourceVersion "1"]
[SourceVersionDate "2000.11.22"]
[SourceQuality "1"]

1. e4 c5 2. Nf3 d6 3. d4 cxd4 4. Nxd4 Nf6 5. Nc3 a6 6. Be3 Ng4 7. Bg5 h6 8. Bh4
g5 9. Bg3 Bg7 10. Be2 h5 11. Nf5 Bxf5 12. exf5 Qa5 13. O-O Nf6 14. Re1 Nc6 15.
Bf3 O-O 16. h3 h4 17. Bh2 Rfe8 18. Bxc6 bxc6 19. Qf3 Rab8 20. Rab1 Nd5 21. Nxd5
cxd5 22. b3 Qxa2 23. Rec1 Rec8 24. Qd3 Rc7 25. Qd2 Bf6 26. f4 Rbc8 27. Qe1 Rxc2
28. Rxc2 Rxc2 29. Qf1 Rf2 30. Qxf2 Qxb1+ {[#]} 0-1

[Event "Tallinn Vesi op"]
[Site "Tallinn"]
[Date "2001.??.??"]
[Round "?"]
[White "Karjakin, Sergei"]
[Black "Kanep, Meelis"]
[Result "0-1"]
[WhiteElo "2160"]
[BlackElo "2355"]
[PlyCount "64"]
[EventDate "2001.??.??"]
[EventType "swiss"]
[EventRounds "7"]
[EventCountry "EST"]
[SourceTitle "EXT 2006"]
[Source "ChessBase"]
[SourceDate "2005.11.24"]
[SourceVersion "1"]
[SourceVersionDate "2005.11.24"]
[SourceQuality "1"]

1. e4 c5 2. Nf3 d6 3. d4 cxd4 4. Nxd4 Nf6 5. Nc3 a6 6. f3 e6 7. Be3 Nbd7 8. g4
h6 9. Qd2 b5 10. O-O-O Bb7 11. h4 b4 12. Na4 Qa5 13. b3 Nc5 14. a3 Nxa4 15.
axb4 Qc7 16. bxa4 d5 17. e5 Nd7 18. f4 Nb6 19. a5 Na4 20. f5 Nc3 21. fxe6 Bxb4
22. exf7+ Kxf7 23. Qd3 Rhe8 24. Qf5+ Kg8 25. Bd3 Ba3+ 26. Kd2 Ne4+ 27. Bxe4
dxe4 28. Qg6 Rad8 29. Ke2 Rf8 30. Bxh6 Qc4+ 31. Ke3 Bc1+ 32. Rxc1 Qxd4+ 0-1